MARC details
| 000 -CABECERA |
| campo de control de longitud fija |
00969nam a22002777a 4500 |
| 003 - IDENTIFICADOR DEL NÚMERO DE CONTROL |
| campo de control |
DO-SdBNP |
| 005 - FECHA Y HORA DE LA ÚLTIMA TRANSACCIÓN |
| campo de control |
20250606113405.0 |
| 007 - CAMPO FIJO DE DESCRIPCIÓN FÍSICA--INFORMACIÓN GENERAL |
| campo de control de longitud fija |
ta |
| 008 - DATOS DE LONGITUD FIJA--INFORMACIÓN GENERAL |
| campo de control de longitud fija |
220505b2022 |||||||| |||| 001 0 spa d |
| 020 ## - NÚMERO INTERNACIONAL ESTÁNDAR DEL LIBRO |
| Número Internacional Estándar del Libro |
9789945615708 |
| 040 ## - FUENTE DE LA CATALOGACIÓN |
| Centro catalogador/agencia de origen |
DO-SdBNP |
| Lengua de catalogación |
spa |
| Centro/agencia transcriptor |
BNPHU |
| 082 #4 - NÚMERO DE LA CLASIFICACIÓN DECIMAL DEWEY |
| Número de clasificación |
372.241 |
| Número de documento/Ítem |
C691 |
| Número de edición |
22 |
| 245 10 - MENCIÓN DE TÍTULO |
| Título |
Colección primer grado : |
| Resto del título |
libro de las maestras y maestros / |
| Mención de responsabilidad, etc. |
ilus. William Estany Vázquez |
| 260 ## - PUBLICACIÓN, DISTRIBUCIÓN, ETC. |
| Lugar de publicación, distribución, etc. |
Santo Domingo : |
| Nombre del editor, distribuidor, etc. |
Fe y Alegría, |
| Fecha de publicación, distribución, etc. |
2022. |
| 300 ## - DESCRIPCIÓN FÍSICA |
| Extensión |
183 p. : |
| Otras características físicas |
il.; |
| Dimensiones |
28 cm |
| 490 0# - MENCIÓN DE SERIE |
| Mención de serie |
Fe y Alegría |
| 500 ## - NOTA GENERAL |
| Nota general |
Programa de Atención Integral de Calidad a la Primara Infancia ( AICPI). |
| 500 ## - NOTA GENERAL |
| Nota general |
2da. Parte maetras y maestros. |
| 500 ## - NOTA GENERAL |
| Nota general |
Segunda planificación. |
| 500 ## - NOTA GENERAL |
| Nota general |
Guía didáctica para maestras y maestros, |
| 590 ## - NOTA LOCAL (RLIN) |
| Nota local |
Inventariado, 2022 / SA |
| 650 #0 - PUNTO DE ACCESO ADICIONAL DE MATERIA--TÉRMINO DE MATERIA |
| Término de materia o nombre geográfico como elemento de entrada |
Educación primaria |
| Subdivisión geográfica |
República Dominicana |
| 9 (RLIN) |
1420 |
| Fuente del encabezamiento o término |
LEMB |
| 700 #1 - PUNTO DE ACCESO ADICIONAL--NOMBRE DE PERSONA |
| 9 (RLIN) |
80689 |
| Nombre de persona |
Vázquez, William Estany |
| Término indicativo de función/relación |
ilustrador |
| 910 ## - DATOS DE OPCIÓN DEL USUARIO (OCLC) |
| Datos de opción del usuario |
Saquino |
| 942 ## - ELEMENTOS DE PUNTO DE ACCESO ADICIONAL (KOHA) |
| Fuente del sistema de clasificación o colocación |
Dewey Decimal Classification |
| Tipo de ítem Koha |
Libro |